[Event "Mirandola Giovanni Pico 3rd"]
[Site "Mirandola"]
[Date "2010.01.16"]
[Round "4"]
[White "Balboni, Lamberto"]
[Black "Lucchi, Lorenzo"]
[Result "0-1"]
[WhiteElo "1890"]
[BlackElo "2073"]
[PlyCount "96"]
[EventDate "2010.01.15"]
[EventType "swiss"]
[EventRounds "5"]
[EventCountry "ITA"]
[SourceTitle "EXT 2024"]
[Source "ChessBase"]
[SourceDate "2023.10.10"]
[SourceVersion "1"]
[SourceVersionDate "2023.10.10"]
[SourceQuality "1"]

1. e4 d6 2. d4 g6 3. Nc3 Bg7 4. f4 Nd7 5. Nf3 e6 6. Bd3 Ne7 7. Be3 0-0 8. Qd2 a6 9. g4 b5 10. f5 exf5 11. gxf5 Bb7 12. Bh6 Nxf5 13. Bxg7 Kxg7 14. 0-0-0 c5 15. Be2 cxd4 16. Nxd4 Nxd4 17. Qxd4+ Qf6 18. Qxd6 Qxd6 19. Rxd6 Nf6 20. Rd4 Rfe8 21. Bf3 Re5 22. Nd5 Rae8 23. Nxf6 Kxf6 24. Rf1 Kg7 25. Rd7 R8e7 26. Rd6 R5e6 27. Rfd1 Rxd6 28. Rxd6 Bxe4 29. Bxe4 Rxe4 30. Rxa6 Re1+ 31. Kd2 Rh1 32. Rb6 Rxh2+ 33. Kd3 h5 34. Rxb5 h4 35. a4 h3 36. a5 Rg2 37. Rb4 g5 38. a6 h2 39. a7 h1Q 40. Rb8 Rg3+ 41. Kc4 Qe4+ 42. Kb5 Qxc2 43. a8Q Qxb2+ 44. Kc5 Rc3+ 45. Kd5 Qd2+ 46. Ke4 Re3+ 47. Kf5 Qf2+ 48. Kg4 Qh4+ 0-1

[Event "Modena Province-ch"]
[Site "Modena"]
[Date "2009.12.12"]
[Round "4"]
[White "Vincenzi, Marco"]
[Black "Balboni, Lamberto"]
[Result "0-1"]
[WhiteElo "2078"]
[BlackElo "1885"]
[PlyCount "58"]
[EventDate "2009.12.11"]
[EventType "swiss"]
[EventRounds "5"]
[EventCountry "ITA"]
[SourceTitle "EXT 2012"]
[Source "ChessBase"]
[SourceDate "2011.11.24"]
[SourceVersion "1"]
[SourceVersionDate "2011.11.24"]
[SourceQuality "1"]

1. e4 e6 2. d4 d5 3. Nc3 Nf6 4. e5 Nfd7 5. f4 c5 6. Nf3 Nc6 7. Be3 cxd4 8. Nxd4 Bc5 9. Qd2 Nxd4 10. Bxd4 Bxd4 11. Qxd4 Qb6 12. 0-0-0 Qxd4 13. Rxd4 Ke7 14. g3 a6 15. Bg2 h5 16. Re1 g6 17. a4 b6 18. Nxd5+ exd5 19. Bxd5 Ra7 20. e6 fxe6 21. Rxe6+ Kf7 22. Rde4 Kg7 23. Re7+ Kh6 24. f5 Rf8 25. fxg6 Kxg6 26. h4 Rc7 27. R4e6+ Nf6 28. Be4+ Kh6 29. Rh7+ Rxh7 0-1

[Event "Mirandola Giovanni Pico op 2nd"]
[Site "Mirandola"]
[Date "2009.01.11"]
[Round "4"]
[White "Balboni, Lamberto"]
[Black "Decaneto, Erick"]
[Result "1-0"]
[WhiteElo "1772"]
[BlackElo "1548"]
[PlyCount "89"]
[EventDate "2009.01.09"]
[EventType "swiss"]
[EventRounds "5"]
[EventCountry "ITA"]
[SourceTitle "EXT 2011"]
[Source "ChessBase"]
[SourceDate "2010.11.26"]
[SourceVersion "1"]
[SourceVersionDate "2010.11.26"]
[SourceQuality "1"]

1. e4 c5 2. Nf3 Nc6 3. d4 cxd4 4. Nxd4 e6 5. c4 Bb4+ 6. Nc3 Nge7 7. Ndb5 d5 8. a3 Bxc3+ 9. bxc3 a6 10. cxd5 exd5 11. exd5 axb5 12. dxc6 Qxd1+ 13. Kxd1 bxc6 14. c4 Bd7 15. cxb5 cxb5 16. Bb2 0-0 17. Rc1 Rfc8 18. Rxc8+ Nxc8 19. Bd3 Nb6 20. Be4 Rd8 21. Kc2 Nc4 22. Bc1 Rc8 23. Kb3 g6 24. Bd5 Rc5 25. Rd1 Bc6 26. Bxc6 Rxc6 27. Bh6 Rd6 28. Rxd6 Nxd6 29. Kb4 Nc4 30. a4 bxa4 31. Kxc4 f5 32. Kb4 Kf7 33. Kxa4 Ke6 34. Kb4 Kd5 35. Kc3 Ke4 36. Kd2 Kd4 37. f3 Kd5 38. Ke3 Ke5 39. h4 Kf6 40. Kf4 Ke6 41. Bg7 Kf7 42. Bc3 h6 43. h5 g5+ 44. Kxf5 Kg8 45. Kg6 1-0

[Event "Padova op-A 5th"]
[Site "Padova"]
[Date "2002.12.22"]
[Round "6.21"]
[White "Marson, Luca"]
[Black "Balboni, Lamberto"]
[Result "0-1"]
[WhiteElo "1729"]
[BlackElo "1612"]
[PlyCount "108"]
[EventDate "2002.12.14"]
[EventType "swiss"]
[EventRounds "6"]
[EventCountry "ITA"]
[SourceTitle "EXT 2023"]
[Source "ChessBase"]
[SourceDate "2022.10.05"]
[SourceVersion "1"]
[SourceVersionDate "2022.10.05"]
[SourceQuality "1"]

1. e4 e6 2. d4 d5 3. e5 c5 4. Qg4 Nc6 5. Nf3 cxd4 6. Bd3 f5 7. Qg3 Bd7 8. 0-0 Nge7 9. Re1 Qb6 10. a3 h6 11. h4 0-0-0 12. h5 Be8 13. Qh4 Rg8 14. b4 g5 15. hxg6 Rxg6 16. Bd2 Kb8 17. c3 Rg4 18. Qf6 Bg7 19. Qxe6 Rg6 20. Nxd4 Rxe6 21. Nxe6 Bh8 22. Be3 d4 23. cxd4 Nd5 24. Bxf5 Nce7 25. Bh3 Rc8 26. Nd2 Bd7 27. Nf4 Bxh3 28. Nxh3 Nf5 29. Ne4 Qg6 30. Nf4 Nxf4 31. Bxf4 Nxd4 32. Ng3 Ne6 33. Ne2 Bg7 34. Bg3 h5 35. Nf4 Nxf4 36. Bxf4 Qe6 37. Rad1 Bf8 38. Bg3 Be7 39. Rd4 Rd8 40. Rf4 a6 41. Rf6 Qg4 42. e6+ Ka7 43. Rf7 Re8 44. Bf4 h4 45. f3 Qg6 46. Be3+ b6 47. Bd4 Qd3 48. Bf6 Qd8 49. Bxh4 Ka8 50. f4 Bxh4 51. Rc1 Bg3 52. Rd7 Qb8 53. f5 Qf4 54. Rf1 Qe3+ 0-1

[Event "Padova op-A 5th"]
[Site "Padova"]
[Date "2002.12.21"]
[Round "4.41"]
[White "Halili, Genti"]
[Black "Balboni, Lamberto"]
[Result "0-1"]
[WhiteElo "1500"]
[BlackElo "1612"]
[PlyCount "80"]
[EventDate "2002.12.14"]
[EventType "swiss"]
[EventRounds "6"]
[EventCountry "ITA"]
[SourceTitle "EXT 2023"]
[Source "ChessBase"]
[SourceDate "2022.10.05"]
[SourceVersion "1"]
[SourceVersionDate "2022.10.05"]
[SourceQuality "1"]

1. e4 e6 2. d4 d5 3. Nc3 Nf6 4. Bg5 Be7 5. e5 Nfd7 6. Bxe7 Qxe7 7. Nf3 a6 8. Bd3 c5 9. dxc5 Nc6 10. Qe2 Nxc5 11. 0-0 0-0 12. a3 Bd7 13. Rac1 Rae8 14. b4 Nxd3 15. cxd3 f6 16. d4 fxe5 17. dxe5 Rf5 18. h3 Ref8 19. Qe3 Rxf3 20. gxf3 d4 21. Qe4 dxc3 22. f4 Qh4 23. Rxc3 Rxf4 24. Qg2 Nd4 25. Rg3 Ne2+ 26. Kh2 Rf7 27. Rg4 Qh6 28. Qxb7 Nf4 29. Rg3 Bb5 30. Qc8+ Rf8 31. Qc1 Bxf1 32. Qxf1 Nd5 33. Qe2 Qf4 34. Kg2 h5 35. Kg1 Qc1+ 36. Kh2 Ne7 37. Kg2 Nf5 38. Rd3 Qg5+ 39. Kh1 Rc8 40. Qd2 Rc1+ 0-1

[Event "Padova op-A 5th"]
[Site "Padova"]
[Date "2002.12.15"]
[Round "3.22"]
[White "Balboni, Lamberto"]
[Black "Leveque, Sergio"]
[Result "0-1"]
[WhiteElo "1612"]
[BlackElo "1752"]
[PlyCount "98"]
[EventDate "2002.12.14"]
[EventType "swiss"]
[EventRounds "6"]
[EventCountry "ITA"]
[SourceTitle "EXT 2023"]
[Source "ChessBase"]
[SourceDate "2022.10.05"]
[SourceVersion "1"]
[SourceVersionDate "2022.10.05"]
[SourceQuality "1"]

1. e4 c5 2. Nf3 d6 3. d4 cxd4 4. Nxd4 Nf6 5. Nc3 g6 6. Bc4 Bg7 7. Be3 0-0 8. f3 Nc6 9. Qd2 Nd7 10. 0-0-0 Nb6 11. Bb3 Na5 12. Bh6 Nbc4 13. Qg5 e5 14. Nde2 Bf6 15. Qg3 Bh4 16. Rxd6 Nxd6 17. Qxe5 Nxb3+ 18. axb3 Bf6 19. Qf4 Re8 20. Rd1 Be5 21. Qd2 Qa5 22. Kb1 Nb5 23. f4 Nxc3+ 24. Nxc3 Bh8 25. f5 Bxc3 26. bxc3 Qe5 27. Qg5 f6 28. Qh4 Qe7 29. Rd3 g5 30. Qg4 Qxe4 31. Qxe4 Rxe4 32. Rd8+ Kf7 33. Rf8+ Ke7 34. Rh8 Kd6 35. Rxh7 Bxf5 36. Rxb7 Re2 37. Rb5 Bxc2+ 38. Kc1 Bd3 39. Rb4 Bf5 40. Bg7 Ke6 41. Rc4 Kf7 42. g4 Bxg4 43. Rxg4 Kxg7 44. h4 Kg6 45. hxg5 fxg5 46. c4 Rh8 47. Rg1 Rhh2 48. Rd1 Rc2+ 49. Kb1 Rb2+ 0-1